000 00939cam a2200253 i 4500
001 35001
003 BD-RjUL
005 20211209052238.0
008 140520r19651954enk 00100 eng d
035 _a(BD-RjUL)35095
040 _aBD-RjUL
_beng
_cBD-RjUL
_dBD-RjUL
041 _aeng
082 0 4 _a363.960942
_bBAP 1965
100 1 _aBanks, J. A.
_q(Joseph Ambrose),
_d1920-2005.
_9106583
245 1 0 _aProsperity and parenthood :
_ba study of family planning among the Victorian middle classes /
260 _aLondon :
_bRoutledge & Paul,
_c1954 [Impression 1965].
300 _av, 240 p. ;
_c23 cm.
490 1 _aInternational library of sociology and social reconstruction
504 _aIncludes bibliography and index.
650 0 _aBirth control
_zGreat Britain.
_9106584
651 0 _aGreat Britain
_xSocial conditions.
_9106585
830 0 _aInternational library of sociology and social reconstruction
_9106588
942 _2ddc
_cBK
999 _c35001
_d35001